000 01790cam a22002534a 4500
005 20250605164032.0
008 250528s ||||||||||||||||||||||||d
035 _a16668
020 _a1861521936
040 _aGR-AtMCL
_bgre
_dGR-AtMCL
_eAACR2
245 1 _aOrganization and Management / A Critical Text
250 _a1st
260 _bBusiness Press - Thomson Learning,
_c2000
300 _a250
520 _aThis book offers a more critical and reflective text which contextualizes and criticizes conventional wisdom and attempts to re-orient the field by offering alternative approaches to the study of OB. Preface, Acknowledgements, Unsetting Orthodoxy, Organizational Behavior and the Individual: Critique of a Consensus, Hidden Capital, Post Modernizing Organizational Behavior: New Organizations or New Organization Theory?, Organizational Lives, Work and Stress and Gender: Conceptualization and Consequence, Sex and Work and Sex at Work: Using Foucault to Understand Organizational Relations, New Technologies and Organizational Behavior, The Limitations of Management, Culture at the Level of the Firm: Organizational and Corporate Perspectives, Human Resource Management and Industrial Relations, Labor Markets and Flexibility - Current Debates and the European Dimension, Innovation or Optimization: Facing Up to the Challenge of the Global Economy, The Politics of Organization and Management, The Social Politics of Business Ethics, Responsible Organizational Behavior?: Business Responses to New Social Movements, Subject and Author Index.
700 1 _aBarry Jim
_92754
700 1 _aChandler John
_92755
700 1 _aClark Heather
_92756
700 1 _aJohnston Roger
_92757
700 1 _aNeedle David
_9952
942 _cBK
999 _c2143
_d2143